000 00834nam a2200217Ii 4500
003 JO-AjNU
008 230605s9999||||xx |||||||||||||| ||und||
040 _aJO-AjNU
_bara
_erda
_cJO-AjNU
041 _aara
050 1 4 _aHC59.7.W3472.1982
100 3 _aواكيم، نجاح,
_eauthor
_936411
245 0 0 _aالعالم الثالث والثورة
250 _aط1
264 3 1 _aبيروت:معهد الانماء العربي،1982
300 _a273ص
336 _atext
_btxt
_2rdacontent
337 _aunmediated
_bn
_2rdamedia
338 _avolume
_bnc
_2rdacarrier
490 0 _aبرنامج الدراسات الإستراتيجية، الدراسات السياسية الإستراتيجية 
650 4 _aثورات-الإشتراكية-رأسمالية-الدول النامية -- علاقات خارجية
_936412
999 _aA15126
_c18694
_d18694